Aktualʹnye problemy mezhdunarodnogo publichnogo i chastnogo prava. (Record no. 1583)
[ view plain ]
| 000 -LEADER | |
|---|---|
| fixed length control field | 01649cas a2200361 a 4500 |
| 001 - CONTROL NUMBER | |
| control field | data |
| 005 - DATE AND TIME OF LATEST TRANSACTION | |
| control field | 20260322212107.0 |
| 008 - FIXED-LENGTH DATA ELEMENTS--GENERAL INFORMATION | |
| fixed length control field | data |
| 010 ## - LIBRARY OF CONGRESS CONTROL NUMBER | |
| LC control number | 2010214571 |
| 035 ## - SYSTEM CONTROL NUMBER | |
| System control number | (OCoLC)606909891 |
| 040 ## - CATALOGING SOURCE | |
| Original cataloging agency | DLC |
| Language of cataloging | eng |
| Transcribing agency | DLC |
| Modifying agency | OCLCL |
| -- | OCLCQ |
| -- | OCLCF |
| -- | OCLCO |
| -- | OCLCL |
| 041 0# - LANGUAGE CODE | |
| Language code of text/sound track or separate title | ger |
| -- | eng |
| -- | fre |
| -- | ger |
| 042 ## - AUTHENTICATION CODE | |
| Authentication code | pcc |
| 050 00 - LIBRARY OF CONGRESS CALL NUMBER | |
| Classification number | K1 |
| Item number | .K574 |
| 066 ## - CHARACTER SETS PRESENT | |
| Alternate G0 or G1 character set | (N |
| 245 00 - TITLE STATEMENT | |
| Linkage | 880-01 |
| Title | Aktualʹnye problemy mezhdunarodnogo publichnogo i chastnogo prava. |
| 260 ## - PUBLICATION, DISTRIBUTION, ETC. | |
| Linkage | 880-02 |
| Place of publication, distribution, etc. | Permʹ : |
| Name of publisher, distributor, etc. | Permskiĭ gosudarstvennyĭ universitet |
| 300 ## - PHYSICAL DESCRIPTION | |
| Extent | v. |
| 362 1# - DATES OF PUBLICATION AND/OR SEQUENTIAL DESIGNATION | |
| Dates of publication and/or sequential designation | Began with vyp. 1, published in 2007. |
| 546 ## - LANGUAGE NOTE | |
| Language note | Chiefly Russian, with some text in English, French, and German. |
| 588 ## - SOURCE OF DESCRIPTION NOTE | |
| Source of description note | Description based on: Vyp. 1, published in 2007; title from title page. |
| 650 #0 - SUBJECT ADDED ENTRY--TOPICAL TERM | |
| Topical term or geographic name entry element | International law. |
| 650 #7 - SUBJECT ADDED ENTRY--TOPICAL TERM | |
| Topical term or geographic name entry element | International law. |
| Source of heading or term | fast |
| Authority record control number or standard number | (OCoLC)fst00976984 |
| 710 2# - ADDED ENTRY--CORPORATE NAME | |
| Linkage | 880-03 |
| Corporate name or jurisdiction name as entry element | Permskiĭ gosudarstvennyĭ universitet. |
| Real World Object URI | https://id.oclc.org/worldcat/entity/E39QH7JmqhBfmKpBMtJhg39d6g |
| 880 00 - ALTERNATE GRAPHIC REPRESENTATION | |
| Linkage | 245-01/(N |
| a | (NaKTUALXNYE(B (NPROBLEMY(B (NMEVDUNARODNOGO(B (NPUBLI^NOGO(B (NI(B (N^ASTNOGO(B (NPRAWA(B. |
| 880 ## - ALTERNATE GRAPHIC REPRESENTATION | |
| Linkage | 260-02/(N |
| a | (NpERMX(B : |
| b | (NpERMSKIJ(B (NGOSUDARSTWENNYJ(B (NUNIWERSITET(B |
| 880 2# - ALTERNATE GRAPHIC REPRESENTATION | |
| Linkage | 710-03/(N |
| a | (NpERMSKIJ(B (NGOSUDARSTWENNYJ(B (NUNIWERSITET(B. |
| 906 ## - LOCAL DATA ELEMENT F, LDF (RLIN) | |
| a | 7 |
| b | cbc |
| c | serorig |
| d | 3 |
| e | ncip |
| f | 20 |
| g | n-oclcserc |
| 925 0# - | |
| -- | Acquire |
| -- | 1 shelf copy |
| -- | 2007 issue only |
| -- | PR 2010-04-13 |
| 955 ## - COPY-LEVEL INFORMATION (RLIN) | |
| -- | xg17 2010-05-25 |
| -- | xg11 2010-06-10 to BCCD |
| Withdrawn status | Lost status | Damaged status | Not for loan | Home library | Current library | Shelving location | Date acquired | Total checkouts | Full call number | Barcode | Date last seen | Price effective from | Koha item type |
|---|---|---|---|---|---|---|---|---|---|---|---|---|---|
| Liberty | Liberty | General stacks | 22/03/2026 | K1 | LOC-LPL-00046 | 22/03/2026 | 22/03/2026 | Books |